000 00719nam a2200205 i 4500
001 141158
003 ES-MaACL
005 20251001141427.0
007 t|
008 070919s1932 sp ||||1| spa d
100 1 _aVitoria, Francisco de.
_9115517
245 1 0 _aComentarios a la "Secunda secundae" de Santo Tomás /
_cFrancisco de Vitoria ; edición preparada por Vicente Beltrán de Heredia.
260 _aSalamanca :
_b[s.n.],
_c1932.
300 _a410 p. ;
_c25 cm.
490 1 _aBiblioteca de teólogos españoles ;
_v3
700 1 _aBeltrán de Heredia, Vicente,
_d1885-1973
_927359
830 0 _aBiblioteca de teólogos españoles ;
_v3
_9182601
852 _aES-MaACL
_jC-7186
999 _c141158
_d141158